Vplyv zdokonaľovania a zavádzania výpočtovej techniky so zameraním na chozrasčot v zásobovaní ZŤS, kombinátny podnik Dubnica nad Váhom záverečná práca postgraduálneho štúdia
Salvato in:
| Autore principale: | |
|---|---|
| Ente Autore: | |
| Altri autori: | |
| Natura: | Libro |
| Lingua: | slovacco |
| Pubblicazione: |
Bratislava
1989
|
| Tags: |
Nessun Tag, puoi essere il primo ad aggiungerne!!
|
MARC
| LEADER | 00000nam a2200000 4500 | ||
|---|---|---|---|
| 001 | c037166 | ||
| 005 | 20230110082100.9 | ||
| 041 | 0 | |a slo | |
| 044 | |a SK | ||
| 245 | 1 | 0 | |a Vplyv zdokonaľovania a zavádzania výpočtovej techniky so zameraním na chozrasčot v zásobovaní ZŤS, kombinátny podnik Dubnica nad Váhom |b záverečná práca postgraduálneho štúdia |c Vladislav Pavlikovský ; Ved. práce Emília Majerová |
| 264 | 1 | |a Bratislava |c 1989 | |
| 300 | |a 32 s. | ||
| 100 | 1 | |a Pavlikovský, Vladislav | |
| 700 | 1 | |a Majerová, Emília | |
| 710 | 2 | |a Vysoká škola ekonomická v Bratislave | |